Código penal

Na minha lista:
Detalhes bibliográficos
Formato: Livro
Idioma:espanhol
Publicado em: Santiago, Chile Jurídica de Chile 1988
Edição:10a. ed
Assuntos:
Tags: Adicionar Tag
Sem tags, seja o primeiro a adicionar uma tag!

MARC

LEADER 00000nam a2200000 a 4500
001 UCV0213
003 CL-VaPUC
005 20200730235758.0
008 880701e19880000CL |||||||||||||||||spa|d
999 |c 208872  |d 208870 
040 |c Pontificia Universidad Católica de Valparaíso 
082 0 4 |a 345.83 COD 1988  |2 21 
245 1 0 |a Código penal 
250 |a 10a. ed 
260 |a Santiago, Chile   |b Jurídica de Chile  |c 1988 
300 |a 365 páginas  
500 |a Apéndice del Código Penal: p.171-358 
583 |a last modification  |c 19880701 00:00:00  |k Rodrigo Vera 
650 7 |a DERECHO PENAL LEGISLACION  |2 CL-VaPUC  |9 255061  |z CHILE 
650 7 |a CODIGO PENAL LEGISLACION  |2 CL-VaPUC  |9 255062  |z CHILE 
852 |a BIBDER 
942 |c BK  |2 ddc 
945 |d 19880701 00:00:00 
952 |0 0  |1 0  |2 ddc  |4 0  |6 345_830000000000000_COD_1988  |7 0  |8 FOND_LRYV  |9 183837  |a BIBDER  |b BIBDER  |d 2019-11-14  |i 2503875  |o 345.83 COD 1988  |p 2503875  |r 2023-01-25  |w 2019-11-14  |y BK_X  |k DER 
952 |0 0  |1 0  |2 ddc  |4 0  |6 345_830000000000000_COD_1988  |7 0  |8 FOND_LRYV  |9 183838  |a BIBDER  |b BIBDER  |d 2019-11-14  |i 2503883  |o 345.83 COD 1988  |p 2503883  |r 2023-01-25  |w 2019-11-14  |y BK_X  |k DER